00867nam a2200253Ia 450000500170000000800410001702000180005804000180007604100080009408200210010210000250012324501210014825000130026926000450028230000290032765000490035665000310040565000500043665000210048665000310050765000220053865000310056070000220059120241108093554.0210716s2009 xx 000 0 und d a9788131711477 cAIMIT LIBRARY aeng a005.73 21bTREJ aTremblay, Jean Paul. aData structures and software development in an onject oriented domain /cBy Jean Paul Tremblay and Grant A. Cheston. a1st ed.  aNew Delhi :bPearson Education ,c2009 . axxviii, 1169p. ;c24 cm. aAbstract data types and their implementation aQueues and priority queues aElementary problem modeling and system design aSoftware testing aBags sets and dictionaries aGreedy algorithms aAugumenting data structure aCheston, Grant A.